Normal view MARC view

Entry Personal Name

Number of records used in: 1

001 - CONTROL NUMBER

  • control field: 847429

003 - CONTROL NUMBER IDENTIFIER

  • control field: OSt

005 - DATE AND TIME OF LATEST TRANSACTION

  • control field: 20251003153525.0

008 - FIXED-LENGTH DATA ELEMENTS

  • fixed length control field: 251003|| aca||aabn | a|a d

040 ## - CATALOGING SOURCE

  • Original cataloging agency: OSt
  • Transcribing agency: OSt

100 ## - HEADING--PERSONAL NAME

  • Personal name: मिश्र, सत्य नारायण

670 ## - SOURCE DATA FOUND

  • Source citation: Work cat.: (OSt)330797: मिश्र, सत्य नारायण, संत कवि तुलसीदास निरंजनी साहित्य और सिद्धान्त, 1983
Copyright @ Delhi University Library System